LEADER 01490nam a2200301 i 4500 001 000000218960 003 CaOOAMICUS 005 20130225000000.0 008 130225s2013 gw u000 u ger u 013 $a197857 020 $a978-3-451-02252-4 040 $aSeMil$bita 245 10$aAufbruch in die Urbanität :$btheologische Reflexion kirchlichen Handelns in der Stadt /$cheraugegeben von Michael Sievernich und Knut Wenzel ; unter konzeptioneller Mitarbeit von Ottmar John. 260 $aFreiburg ; Basel ; Wien :$bHerder,$c2013. 300 $a408 p. ;$c22 cm. 490 0 $aQuaestiones disputatae ;$v252 650 4$aTeologia della cittą.$0(OLS)http://semarc/subject/7866 650 4$aChiesa e cittą.$0(OLS)http://semarc/subject/16046 700 1 $aSievernich, Michael <1945- >.$0(OLS)http://semarc/name/65485 700 1 $aJohn, Ottmar.$0(OLS)http://semarc/name/76967 700 1 $aWenzel, Knut.$0(OLS)http://semarc/name/65112 830 0$aQuaestiones disputatae ;$v252.$0(OLS)http://semarc/title/436628 850 $aSeMil 852 $aSeMil$W1$xVenegono$y1$m2M I 604$j169330$B169330$CSeMilBibl$Z2$F180048 $81 961 $aSottoscrizione: Herder 996 $6020$a978-3-451-02252-4$9(OLS)http://semarc/number/216874 996 $6245$aAufbruch in die Urbanität :$btheologische Reflexion kirchlichen Handelns in der Stadt$9(OLS)http://semarc/title/314264 996 $6260$aFreiburg ; Basel ; Wien :$bHerder$9(OLS)http://semarc/publisher/29643 LEADER 01292nam a2200253 i 4500 001 000000061198 003 CaOOAMICUS 005 20120330000000.0 008 120330s1987 it u000 u ita u 013 $a32370 020 $a88-396-0004-3 040 $aSeMil$bita 245 10$aEcumenismo e catechesi :$batti della 24. Sessione di formazione ecumenica organizzata dal Segretariato Attivitą Ecumeniche (SAE) La Mendola (Trento), 26 luglio 3 agosto 1986 /$c[A cura del SAE]. 260 $aNapoli :$bEdizioni Dehoniane,$ccopyr. 1987. 300 $a454 p. ;$c21 cm. 500 $aContiene : Appendice ; Meditazioni bibliche. 650 4$aEcumenismo e catechesi.$0(OLS)http://semarc/subject/12166 710 2 $aSegretariato attivitą ecumeniche.$0(OLS)http://semarc/name/21753 850 $aSeMil 852 $aSeMil$W1$xVenegono$y1$m2C IV 427$j27351$B27351$CSeMilBibl$Z2$F27354 $81 961 $aOmaggio: Donazione 996 $6020$a88-396-0004-3$9(OLS)http://semarc/number/37427 996 $6245$aEcumenismo e catechesi :$batti della 24. Sessione di formazione ecumenica organizzata dal Segretariato Attivitą Ecumeniche (SAE) La Mendola (Trento), 26 luglio 3 agosto 1986$9(OLS)http://semarc/title/96115 996 $6260$aNapoli :$bEdizioni Dehoniane$9(OLS)http://semarc/publisher/35819